| 000 | 00475nam a22001577a 4500 | ||
|---|---|---|---|
| 005 | 20170407144101.0 | ||
| 008 | 170407b xxu||||| |||| 00| 0 eng d | ||
| 040 | _cPK-LaUMT | ||
| 082 |
_aZIAC 297 _bTAR- |
||
| 245 |
_aتعارف اسلام/ _cسید ابو الخیر کشفی(ترتیب |
||
| 260 |
_aکراچی؛ _bسرسید یونیورسٹی پریس ، _c1999 |
||
| 300 | _a203 ص | ||
| 546 | _aاردو | ||
| 700 | _aظل احمد نظامی(مقدمہ | ||
| 942 | _cBK | ||
| 999 |
_c92406 _d92406 |
||